Model jawapan spm matematik tambahan KBSM

Bibliographic Details
Format: Book
Published: Johor : Penerbitan Pelangi Sdn.Bhd , 1994
Subjects:

MARC

LEADER 00000cam a2200000 7i4500
001 0000006079
002 000006569
005 20000330.0
020 |a 9835000948 
090 0 0 |a 510   |b MOD 
245 0 0 |a Model jawapan spm matematik tambahan KBSM   |c ChongPak Cheong,Yang Fook On,Lee Khaik Yong dan Low Choi Wah 
260 |a Johor :   |b Penerbitan Pelangi Sdn.Bhd ,   |c 1994 
300 |a 189p. ;   |c 25cm. 
650 0 0 |a Additional mathematics   |x SPM 
999 |a 038203   |b BUKU   |c RUJUKAN   |e PERPUSTAKAAN KOMUNITI PETALING JAYA 
999 |a 038204   |b BUKU   |c RUJUKAN   |e PERPUSTAKAAN KOMUNITI PETALING JAYA 
999 |a 045768   |b BUKU   |c PINJAMAN   |e PERPUSTAKAAN KOMUNITI CAW KOTA DAMANSARA 
999 |a 045769   |b BUKU   |c PINJAMAN   |e PERPUSTAKAAN KOMUNITI CAW KOTA DAMANSARA